The name of God is mercy / (Record no. 128431)
[ view plain ]
| 000 -LEADER | |
|---|---|
| fixed length control field | 02782cam a22004337i 4500 |
| 001 - CONTROL NUMBER | |
| control field | 19044335 |
| 003 - CONTROL NUMBER IDENTIFIER | |
| control field | ARRUPE |
| 005 - DATE AND TIME OF LATEST TRANSACTION | |
| control field | 20181023110832.0 |
| 008 - FIXED-LENGTH DATA ELEMENTS--GENERAL INFORMATION | |
| fixed length control field | 160406t20162016nyua b 000 0deng d |
| 010 ## - LIBRARY OF CONGRESS CONTROL NUMBER | |
| LC control number | 2015510765 |
| 020 ## - INTERNATIONAL STANDARD BOOK NUMBER | |
| International Standard Book Number | 9780399588631 |
| Qualifying information | (hardback) |
| 020 ## - INTERNATIONAL STANDARD BOOK NUMBER | |
| International Standard Book Number | 0399588639 |
| Qualifying information | (hardback) |
| 035 ## - SYSTEM CONTROL NUMBER | |
| System control number | (OCoLC)ocn933586925 |
| 040 ## - CATALOGING SOURCE | |
| Original cataloging agency | CGP |
| Language of cataloging | eng |
| Transcribing agency | CGP |
| Description conventions | rda |
| Modifying agency | OCLCO |
| -- | GK8 |
| -- | ON8 |
| -- | ZHB |
| -- | MOF |
| -- | BTCTA |
| -- | YDXCP |
| -- | BDX |
| -- | GL8 |
| -- | OCLCF |
| -- | CDX |
| -- | DAD |
| -- | OCLCQ |
| -- | VP@ |
| -- | LMR |
| -- | NDS |
| -- | FOLLT |
| -- | ILC |
| -- | OCLCA |
| -- | JUH |
| -- | ZCU |
| -- | BUR |
| -- | OCLCO |
| -- | INR |
| -- | DLC |
| 042 ## - AUTHENTICATION CODE | |
| Authentication code | lccopycat |
| 050 00 - LIBRARY OF CONGRESS CALL NUMBER | |
| Classification number | BX1378.7 |
| Item number | F818 |
| 082 04 - DEWEY DECIMAL CLASSIFICATION NUMBER | |
| Classification number | 241/.4 |
| Edition number | 23 |
| 082 04 - DEWEY DECIMAL CLASSIFICATION NUMBER | |
| Classification number | 282/.092 |
| Edition number | 23 |
| 300 ## - PHYSICAL DESCRIPTION | |
| Other physical details | 1 illustration ; |
| Dimensions | 20 cm |
| 100 0# - MAIN ENTRY--PERSONAL NAME | |
| Personal name | Francis, |
| Titles and other words associated with a name | Pope, |
| Dates associated with a name | 1936- |
| Relator term | interviewee. |
| 9 (RLIN) | 15283 |
| 245 14 - TITLE STATEMENT | |
| Title | The name of God is mercy / |
| Statement of responsibility, etc | a conversation with Andrea Tornielli ; translated from the Italian by Oonagh Stransky. |
| 246 14 - VARYING FORM OF TITLE | |
| Title proper/short title | Pope Francis : |
| Remainder of title | the name of God is mercy |
| 250 ## - EDITION STATEMENT | |
| Edition statement | First edition. |
| 260 ## - PUBLICATION, DISTRIBUTION, ETC. (IMPRINT) | |
| Place of publication, distribution, etc | London |
| Name of publisher, distributor, etc | Bluebird books for life |
| Date of publication, distribution, etc | 2016 |
| 300 ## - PHYSICAL DESCRIPTION | |
| Extent | xx, 149 pages : |
| 504 ## - BIBLIOGRAPHY, ETC. NOTE | |
| Bibliography, etc | Includes bibliographical references (pages 150-151). |
| 505 0# - FORMATTED CONTENTS NOTE | |
| Formatted contents note | A time for mercy -- The gift of confession -- Looking for the smallest opening -- A sinner, like Simon Peter -- Too much mercy? -- Shepherds, not scholars of the law -- Sinners yes, corrupt no -- Mercy and compassion -- Living the Holy Year of Mercy. |
| 520 ## - SUMMARY, ETC. | |
| Summary, etc | In his first book published as Pope, and in conjunction with the Extraordinary Jubilee of Mercy, Pope Francis here invites all humanity to an intimate and personal dialogue on the subject closest to his heart -- mercy -- which has long been the cornerstone of his faith and is now the central teaching of his papacy. In this conversation with Vatican reporter Andrea Tornielli, Francis explains -- through memories from his youth and moving anecdotes from his experiences as a pastor -- why "mercy is the first attribute of God." God "does not want anyone to be lost. His mercy is infinitely greater than our sins," he writes. As well, the Church cannot close the door on anyone, Francis asserts. On the contrary, its duty is to go out into the world to find its way into the consciousness of people so that they can assume responsibility for, and move away from, the bad things they have done. |
| 600 00 - SUBJECT ADDED ENTRY--PERSONAL NAME | |
| Personal name | Francis, |
| Titles and other words associated with a name | Pope, |
| Dates associated with a name | 1936- |
| Form subdivision | Interviews. |
| 9 (RLIN) | 43080 |
| 700 1# - ADDED ENTRY--PERSONAL NAME | |
| Personal name | Tornielli, Andrea, |
| Dates associated with a name | 1964- |
| Relator term | interviewer. |
| 9 (RLIN) | 43081 |
| 700 1# - ADDED ENTRY--PERSONAL NAME | |
| Personal name | Stransky, Oonagh, |
| Relator term | translator. |
| 9 (RLIN) | 43082 |
| 906 ## - LOCAL DATA ELEMENT F, LDF (RLIN) | |
| a | 7 |
| b | cbc |
| c | copycat |
| d | 2 |
| e | ncip |
| f | 20 |
| g | y-gencatlg |
| 942 ## - ADDED ENTRY ELEMENTS (KOHA) | |
| Source of classification or shelving scheme | Library of Congress Classification |
| Koha item type | Monograph ( Printed materials) |
| Withdrawn status | Lost status | Source of classification or shelving scheme | Damaged status | Not for loan | Collection code | Home library | Current library | Shelving location | Date acquired | Total Checkouts | Full call number | Barcode | Date last seen | Price effective from | Koha item type |
|---|---|---|---|---|---|---|---|---|---|---|---|---|---|---|---|
| Library of Congress Classification | Main Collection | ARRUPE LIBRARY | ARRUPE LIBRARY | Main Collection | 23/10/2018 | BX1378.7 F818 | 46600002978 | 23/10/2018 | 23/10/2018 | Monograph ( Printed materials) |